| 000 | 01351nam a2200373Ia 4500 | ||
|---|---|---|---|
| 001 | ebr10318513 | ||
| 003 | CaPaEBR | ||
| 006 | m u | ||
| 007 | cr cn||||||||| | ||
| 008 | 060322s2006 maua sb 001 0 eng d | ||
| 010 | _z 2006043484 | ||
| 020 | _z0674023293 | ||
| 020 | _z0674027469 | ||
| 020 | _z9780674023291 | ||
| 020 | _z9780674027466 | ||
| 040 |
_aCaPaEBR _cCaPaEBR |
||
| 035 | _a(OCoLC)451104361 | ||
| 050 | 1 | 4 |
_aBJ52 _b.L43 2006eb |
| 082 | 0 | 4 |
_a70 _2221 |
| 082 | 0 | 4 |
_a871.01 _222 |
| 100 | 1 | _aLear, Jonathan. | |
| 245 | 1 | 0 |
_aRadical hope _h[electronic resource] : _bethics in the face of cultural devastation / _cJonathan Lear. |
| 260 |
_aCambridge, Mass. ; _aLondon : _bHarvard University Press, _c2006. |
||
| 300 |
_a187 p. : _bill. |
||
| 504 | _aIncludes bibliographical references and index. | ||
| 533 |
_aElectronic reproduction. _bPalo Alto, Calif. : _cebrary, _d2009. _nAvailable via World Wide Web. _nAccess may be limited to ebrary affiliated libraries. |
||
| 650 | 0 |
_aCrow Indians _xSocial life and customs. |
|
| 650 | 0 | _aEthics. | |
| 650 | 0 | _aSocial change. | |
| 650 | 0 | _aSocial sciences and ethics. | |
| 655 | 7 |
_aElectronic books. _2local |
|
| 710 | 2 | _aebrary, Inc. | |
| 856 | 4 | 0 |
_uhttp://site.ebrary.com/lib/rucke/Doc?id=10318513 _zAn electronic book accessible through the World Wide Web; click to view |
| 999 |
_c59827 _d59827 |
||